000 00759nam a22001935i 4500
001 153346
003 ES-MaACL
005 20250807062550.0
008 050808s1837 fr | |||||||| ||fre d
040 _aCAM
_bspa
_cCAM
100 1 _aCruveilhier, J.
_9126647
245 1 0 _aDes devoirs et de la moralité du médecin
_b: discours prononcé dans la séance de la Faculté de Médecine de Paris, du 2 novembre 1836 /
_cpar J. Cruveilhier.
260 _aParis :
_bJ.-B. Baillière,
_c1837 (
_fImprimerie de Bourgogne et Martinet)
300 _a32 p. ;
_c21 cm.
650 7 _aMedicina
_2embne
_914891
650 7 _aÉtica
_2embne
_912577
852 _aES-MaACL
_jR-1360(8)
_z-- Enc. hol.
_z-- Ex-libris de Mateo Seoane
_x-- Olim: G-15438
999 _c153346
_d153346